01217nam a2200265 u 450000100100000000500170001000800410002702000180006804000250008608200180011110000370012924501070016626000630027330000250033650000430036150400300040459000270043465000270046165000270048865000500051595201310056595201220069695201160081899900170093400002042820260129112220.0100813s2015 dr 000 0 spa d a9789945852424 aDO-SdBNPbspacBNPHU a616.01bM538m1 aMendez Velasco, Neptalí94309510aManual de prácticas de laboratorio de microbiología y parasitología /cNeptalí Mendez Velasco. aSanto Domingo :bUniversidad Adventista Dominicana,c2015. a73 p. :bil., retrs. aIncluye datos biografícos del autor. aBibliografía : p. 67-68 aInventariado, 2019/ YL 0aMicrobiología943096 4aParasitología943097 4aManuales de prácticas de laboratorio943098 001052708DSaGRbGRcHDd2017-05-23iLF1l0o616.01 M538mp20428-30r2020-06-25te. 3w2020-06-25yLFDSZPréstamo interno 0010718PDaPDbPDcHDd2017-05-23iLF1l0o616.01 M538mp20428-10r2020-06-25te. 2w2020-06-25yLFPDZNo se presta 0010718PDaPDbPDcHDd2017-05-23iLF1l0o616.01 M538mp20428-20r2020-06-25w2020-06-25yLFPDZNo se presta c19932d19932